LEADER 01298nam a2200289 i 4500 001 991002465949707536 008 140326s1991 it b 000 0 ita 020 $a8829909696 035 $ab14178825-39ule_inst 040 $aDip.to Biologia$beng 082 00$a661.8$222 100 1 $aWeissermel, Klaus$016540 245 10$aChimica organica industriale :$bvolume di aggiornamento /$cKlaus Weissermel, Hans-Jurgen Arpe 260 $aPadova :$bPiccin,$c1991 300 $a108 p. ;$c25 cm 500 $a"Supplemento alla prima edizione italiana ricavato dalla terza edizione originale e rielaborato dal Prof. Carlo Botteghi". - Title page 500 $aOrig. tit.: Industrielle organische Chemie : bedeutende Vor- und Zwischenprodukte. - 1988 650 4$aOrganic compounds$xIndustrial applications 650 4$aTechnical chemistry 700 1 $aArpe, Hans-Jčurgen 772 0 $tChimica organica industriale 907 $a.b14178825$b02-04-14$c26-03-14 912 $a991002465949707536 945 $aLE003 RON 661 WEI01.02 (1991) [Fondo Ronzini: dislocato c/o il Laboratorio di Chimica organica]$g1$lle003$og$pE0.00$q-$rn$s- $t0$u0$v0$w0$x0$y.i15600282$z26-03-14 996 $aChimica organica industriale$9259483 997 $aUNISALENTO 998 $ale003$b26-03-14$cm$da $e $fita$git $h0$i0